000
00299nam a2200133Ia 4500
005
20251222155143.0
008
251222s9999||||xx |||||||||||||| ||spa||
082
_a
EBA. 28
100
_a
OREM Dorothea.
245
0
_a
Modelo de Orem
250
_a
1ra. ed.
264
_b
Masson Salvat
942
_c
LIB
999
_c
39276
_d
39276